| 000 | 00672nmc a2200277 a 4500 | ||
|---|---|---|---|
| 003 | AR-Y00000XR | ||
| 005 | 20251128211920.0 | ||
| 008 | 067020s2003 ||||||||||||||000 | spa|| | ||
| 020 | _a950-889-059-2 | ||
| 040 | _cAR-Y00000XR | ||
| 100 | 1 | _aJoly, Martine | |
| 245 | 1 | 0 | _aLa imagen fija |
| 260 |
_aBuenos Aires _bLa marca _c2003 |
||
| 300 | 0 | _a206 p. | |
| 490 | 0 | _aBiblioteca de la mirada | |
| 650 | 4 | _aSEMIOLOGIA | |
| 650 | 4 | _aSIGNO LINGUISTICO | |
| 650 | 4 | _aIMAGEN | |
| 650 | 4 | _aPUBLICIDAD | |
| 650 | 4 | _aPERCEPCION VISUAL | |
| 650 | 4 | _aSEMIOTICA | |
| 650 | 4 | _aLENGUAJES SIMBOLICOS | |
| 800 | 1 | _aIndij, Guido | |
| 942 | _cBK | ||
| 998 | _cme-solo cat | ||
| 999 |
_c21606 _d21606 |
||